000 00975nam a22002417a 4500
999 _c19624
_d19624
003 AR-CdUCM
008 190518b ||||| |||| 00| 0 espad
020 _a968-23-0036-3
040 _aMUNICIPALIDAD PROVINCIAL DEL CUSCO
_cBIBLIOTECA MUNICIPAL DEL CUSCO
041 _hukr
082 _23ed.
_a985.019 /
_bM97
100 _aMurra, John V.
_935783
245 _aLa organización económica del estado inca /
260 _aMéxico :
_bSiglo Veintiuno Editores,
_c1983.
300 _a270 páginas ;
_c22 cm.
505 _aContenido: Agricultura -- Tenencia de la tierra -- Rebaños-- Los tejidos -- La prestación rotativa campesina y las rentas del estado -- El reparto del excedente o el estado redistributivo -- Intercambio y trueque ...
650 _aIncas
_9303
650 _aCondiciones económicas
_91989
650 _aIndígenas de América del Sur
_97418
700 _aWagner, Daniel R. (traducción)
_941069
942 _2ddc
_cLIBROS
945 _aachl
_d2019-05-18